<?xml version="1.0" encoding="UTF-8"?>
<marc:record xmlns:marc="http://www.loc.gov/MARC21/slim">
   <marc:leader>00000nam a2200000 a 4500</marc:leader>
   <marc:datafield ind1="1" ind2=" " tag="100">
      <marc:subfield code="a">Maas, Sarah J.</marc:subfield>
      <marc:subfield code="4">aut</marc:subfield>
      <marc:subfield code="e">Verfasser/-in</marc:subfield>
   </marc:datafield>
   <marc:datafield ind1="0" ind2="0" tag="245">
      <marc:subfield code="a">Herrscherin über Asche und Zorn-Throne of Glass</marc:subfield>
   </marc:datafield>
   <marc:datafield ind1="0" ind2="0" tag="245">
      <marc:subfield code="c">Maas, Sarah J.</marc:subfield>
   </marc:datafield>
   <marc:datafield ind1=" " ind2="1" tag="264">
      <marc:subfield code="a">München</marc:subfield>
      <marc:subfield code="b">dtv Verlagsgesellschaft</marc:subfield>
      <marc:subfield code="c">2019</marc:subfield>
   </marc:datafield>
   <marc:datafield ind1="1" ind2=" " tag="490">
      <marc:subfield code="a">Throne of glass</marc:subfield>
      <marc:subfield code="v">7</marc:subfield>
   </marc:datafield>
   <marc:datafield ind1=" " ind2=" " tag="250">
      <marc:subfield code="a">Ungekürzte Ausgabe</marc:subfield>
   </marc:datafield>
   <marc:datafield ind1="1" ind2=" " tag="520">
      <marc:subfield code="a">Angaben aus der Verlagsmeldung &#xD;
&#xD;
 &#xD;
&#xD;
  Throne of Glass 7 - Herrscherin über Asche und Zorn : Roman Kingdom of Ash Maas,Throne of Glass 7 / von Sarah J. Maas &#xD;
&#xD;
 &#xD;
&#xD;
  &#xD;
Das furiose Finale der erfolgreichen Fantasy-Saga&#xD;
 &#xD;
&#xD;
 &#xD;
Aelin alias Celaena wird von der Dunklen Königin gefangen gehalten. Eingesperrt in einem Käfig an einem geheimen Ort scheint eine Flucht unmöglich zu sein. Während Prinz Rowan die halbe Welt nach seiner verlorenen Liebe absucht, versuchen Aedion und Gestaltenwandlerin Lysandra, ihre Heimat  nun ohne die Macht und den Schutz ihrer Königin  mit allen Mitteln zu verteidigen. Alte Bündnisse werden gebrochen, neue geschmiedet und gestärkt. Alles läuft auf die letzte große Schlacht hinaus, die Aelin Feuerherz und ihre Gefährten für sich entscheiden müssen, um Erilea vor der Herrschaft der Dämonen zu bewahren.</marc:subfield>
   </marc:datafield>
   <marc:datafield ind1=" " ind2=" " tag="020">
      <marc:subfield code="a">9783423718202</marc:subfield>
      <marc:subfield code="9">9783423718202</marc:subfield>
   </marc:datafield>
   <marc:datafield ind1=" " ind2=" " tag="020">
      <marc:subfield code="a">342371820x</marc:subfield>
      <marc:subfield code="9">342371820x</marc:subfield>
   </marc:datafield>
   <marc:datafield ind1=" " ind2=" " tag="041">
      <marc:subfield code="a">ger</marc:subfield>
   </marc:datafield>
   <marc:datafield ind1="0" ind2=" " tag="490">
      <marc:subfield code="v">7</marc:subfield>
   </marc:datafield>
   <marc:datafield ind1=" " ind2=" " tag="338">
      <marc:subfield code="a">Band</marc:subfield>
   </marc:datafield>
   <marc:datafield ind1=" " ind2=" " tag="300">
      <marc:subfield code="a">1104 Seiten</marc:subfield>
   </marc:datafield>
</marc:record>
